El Banco Mundial, el CAFTA y el desarrollo centroamericano
Na minha lista:
| Formato: | Texto |
|---|---|
| Tags: |
Adicionar Tag
Sem tags, seja o primeiro a adicionar uma tag!
|
MARC
| LEADER | 00000 a a2200000 04500 | ||
|---|---|---|---|
| 001 | 42574 | ||
| 003 | |||
| 040 | |||
| 245 | |a El Banco Mundial, el CAFTA y el desarrollo centroamericano | ||
| 773 | |g volumen24, número1088 ( , 2004), páginas 4-6 | ||
| 999 | |c 39499 |d 39499 | ||
